000 00459nam a2200169Ia 4500
999 _c9630
_d9630
003 OSt
005 20191230125058.0
008 190216s9999||||xx |||||||||||||| ||und||
040 _coclc
082 _a330
_bSET/P
100 _aSeth, M L
_9472
245 0 _aPrinciples Of Economics /
_cM L Seth
260 _bLakshmi Narayan Agarwal,
_c1976.
_aAgra:
300 _a778p
650 _aEconomics
942 _cBK
_2ddc
_h330
_iSET/P
_k330
_mSET/P